000 00313nam a2200145Ia 4500
100 _aAmbardar/Ashok
250 _a2
942 _cBK
654 _aanalog
245 _aAnalog and digital Signal Processing
260 _bThomsan Learning
_c1999
082 _a621.3822
_bAMB
300 _a807
546 _aENGLISH
999 _c20946
_d20946